<?xml version="1.0" encoding="UTF-8"?><?xml-stylesheet type="text/xsl" href="static/style.xsl"?><OAI-PMH xmlns="http://www.openarchives.org/OAI/2.0/" xmlns:xsi="http://www.w3.org/2001/XMLSchema-instance" xsi:schemaLocation="http://www.openarchives.org/OAI/2.0/ http://www.openarchives.org/OAI/2.0/OAI-PMH.xsd"><responseDate>2026-04-27T13:08:10Z</responseDate><request verb="GetRecord" identifier="oai:uvadoc.uva.es:10324/50976" metadataPrefix="marc">https://uvadoc.uva.es/oai/request</request><GetRecord><record><header><identifier>oai:uvadoc.uva.es:10324/50976</identifier><datestamp>2025-08-27T07:28:59Z</datestamp><setSpec>com_10324_38</setSpec><setSpec>col_10324_852</setSpec></header><metadata><record xmlns="http://www.loc.gov/MARC21/slim" xmlns:doc="http://www.lyncode.com/xoai" xmlns:xsi="http://www.w3.org/2001/XMLSchema-instance" xmlns:dcterms="http://purl.org/dc/terms/" xsi:schemaLocation="http://www.loc.gov/MARC21/slim http://www.loc.gov/standards/marcxml/schema/MARC21slim.xsd">
<leader>00925njm 22002777a 4500</leader>
<datafield tag="042" ind1=" " ind2=" ">
<subfield code="a">dc</subfield>
</datafield>
<datafield tag="720" ind1=" " ind2=" ">
<subfield code="a">San José Espinosa, Ana Isabel</subfield>
<subfield code="e">author</subfield>
</datafield>
<datafield tag="260" ind1=" " ind2=" ">
<subfield code="c">2021</subfield>
</datafield>
<datafield tag="520" ind1=" " ind2=" ">
<subfield code="a">El derecho a la salud es un derecho humano fundamental de todos los ciudadanos. Las enfermedades raras son aquellas que cuentan con una baja prevalencia en la población, caracterizadas por un diagnóstico lento y por la falta de conocimiento en el tratamiento a aplicar. Considerando ambos conceptos, el presente Trabajo se ha configurado para analizar si se vulnera el derecho a la salud de las personas con enfermedades raras. Gracias al análisis del concepto jurídico del derecho a la salud, así como de diversos informes y testimonios que ilustran la situación actual de los pacientes con enfermedades raras en España, teniendo a su vez en cuenta las dificultades ocasionadas por la pandemia del COVID-19, podremos establecer conclusionesrespecto al derecho a la salud de las personas con enfermedades raras.</subfield>
</datafield>
<datafield tag="024" ind2=" " ind1="8">
<subfield code="a">https://uvadoc.uva.es/handle/10324/50976</subfield>
</datafield>
<datafield tag="245" ind1="0" ind2="0">
<subfield code="a">Derecho a la salud y enfermedades raras</subfield>
</datafield>
</record></metadata></record></GetRecord></OAI-PMH>